South Australian Cities and Towns - Statistics

General Stats
  • This quiz has been taken 86 times
  • The average score is 19 of 55
Answers on the Map
Answers color-coded by a green-red scale on the quiz's map according to % correct below.
 
Answer Stats
City or Town % Correct
Adelaide
100%
Port Augusta
75%
Whyalla
68%
Murray Bridge
65%
Mount Barker
63%
Port Pirie
63%
Gawler
60%
Renmark
60%
Hahndorf
52%
Berri
51%
Clare
48%
Loxton
45%
Port Wakefield
45%
Kadina
43%
Nuriootpa
40%
Quorn
40%
Moonta
38%
Tanunda
38%
Waikerie
38%
Stirling / Aldgate
35%
Ardrossan
34%
Two Wells
34%
Burra
32%
Yorketown
32%
Kapunda
31%
Minlaton
31%
Maitland
29%
Mannum
29%
Marion Bay
29%
Snowtown
29%
Barmera
28%
Edithburgh
28%
Stansbury
28%
Balaklava
26%
Jamestown
26%
Peterborough
26%
Port Broughton
26%
Crystal Brook
25%
Morgan
23%
Mallala
22%
Port Victoria
22%
Eudunda
20%
Lochiel
20%
Saddleworth
20%
Lobethal
18%
Riverton
18%
Tarlee
18%
Warooka
18%
Williamstown
18%
Auburn
17%
Blyth
15%
Cowell
15%
Owen
15%
Mount Pleasant
12%
Laura
9%
No matching quizzes found
Score Distribution
Percent of People with Each Score
Percentile by Number Answered
Your Score History
You have not taken this quiz